| 000 | 00611nam a2200217Ia 4500 | ||
|---|---|---|---|
| 003 | OSt | ||
| 005 | 20220829130730.0 | ||
| 008 | 220829b |||||||| |||| 00| 0 eng d | ||
| 020 | _a06190341773 | ||
| 040 | _cIFM Library | ||
| 082 | _a004 | ||
| 100 |
_aFrenzel, Carroll W. _9609 |
||
| 245 | _aManagement of Information Technology | ||
| 250 | _a4th ed. | ||
| 260 |
_aAustralia: _bThomson Learning _c2004 |
||
| 300 |
_axxiii, 600 p. : _b ill. ; 24 cm. |
||
| 500 | _aIncludes Bibliographical Reference Index | ||
| 650 |
_aInformation Technology _9908 |
||
| 700 |
_aFrenzel, John C. _9611 |
||
| 942 |
_cBK _2ddc _n0 |
||
| 999 |
_c4653 _d4653 |
||